000 00693pam a2200229 a 4500
001 1020927
005 20180104040232.0
008 880627s1988 dcua 001 0 eng
010 _a 88022375
020 _a0870447513 (alk. paper) :
_c$19.95
020 _a0870447521 (deluxe : alk. paper) :
_c$29.95
020 _a087044753X (lib. bdg. : alk. paper) :
_c$31.95
040 _aDLC
_cDLC
_dDLC
041 _aeng
080 _a609 SOC
082 0 0 _a609 SOC
_219
100 _a27
101 _aIM
245 0 0 _aInventors and discoverers :
_c[prepared by National Geographic Book Service].
906 _a7
_bcbc
_corignew
_d1
_eocip
_f19
_gy-gencatlg
942 _2ddc
_cBK
999 _c39659
_d39659